Curso de economía moderna : una descripción analitica de la realidad económica... /
Guardado en:
| Autor Principal: | |
|---|---|
| Formato: | Libro |
| Publicado: |
España :
Aguilar,
1963
|
| Materias: | |
| Etiquetas: |
Agregar Etiqueta
Sin Etiquetas, Sea el primero en etiquetar este registro!
|
| LEADER | 00475nam a22001575a 4500 | ||
|---|---|---|---|
| 001 | CEM.cems005741 | ||
| 005 | 20060214000000.0 | ||
| 008 | 130507s1963##################000#0#####d | ||
| 003 | CEMS | ||
| 082 | 0 | 4 | |a 330 |
| 100 | 1 | |a Samuelson, Paul A. | |
| 245 | 1 | 0 | |a Curso de economía moderna : |b una descripción analitica de la realidad económica... / |
| 260 | |a España : |b Aguilar, |c 1963 | ||
| 300 | |a 897 p. | ||
| 653 | |a Economia | ||
| 859 | |a CEMS |b BIB. CEMS - 11 de abril |h 330 |i Sa49a10 |p 614.73 |t Ej.1 | ||
